| 000 | 00828nmm a2200265 a 4500 | ||
|---|---|---|---|
| 001 | ocm000965014 | ||
| 003 | TR-IsHL | ||
| 005 | 20201028150903.0 | ||
| 008 | 150110s2008 tu tur | ||
| 007 | cr cn | ||
| 020 | _a9786055831011 | ||
| 035 |
_a965014 _b(N$T) |
||
| 050 | 0 | 4 |
_aPL248.U93 _bZ35 2008 |
| 090 | 0 | 4 |
_aPL248.U93 _bZ35 2008 |
| 100 | 1 | _aUyar, Şükrü | |
| 245 | 1 | 0 |
_aZamansız gitmeler _h[electronic resource] / _cŞükrü Uyar |
| 260 |
_aİstanbul : _bAltın Bilek Yayınları, _c2008 |
||
| 300 | _a127 p. | ||
| 650 | 4 | _aDil ve Edebiyat | |
| 650 | 4 | _aLanguage and Literature | |
| 650 | 0 | _aTürk şiiri | |
| 650 | 0 | _aTurkish poetry | |
| 650 | 7 |
_aLITERARY COLLECTIONS / Middle Eastern _2bisacsh |
|
| 856 | 4 | 0 | _uhttp://search.ebscohost.com/login.aspx?direct=true&scope=site&db=e011xww&AN=965014 |
| 999 |
_c10715 _d10715 |
||